<?xml version="1.0" encoding="UTF-8"?><OAI-PMH xmlns="http://www.openarchives.org/OAI/2.0/" xmlns:xsi="http://www.w3.org/2001/XMLSchema-instance"     xsi:schemaLocation="http://www.openarchives.org/OAI/2.0/ http://www.openarchives.org/OAI/2.0/OAI-PMH.xsd"><responseDate>2026-07-04T12:40:38Z</responseDate><request verb="GetRecord" identifier="oai:regmurcia.com:fintegr.5460" metadataPrefix="marc21">http://oai.regmurcia.com/oai2/oai2.php</request><GetRecord><record><header><identifier>oai:regmurcia.com:fintegr.5460</identifier><datestamp>2026-07-04</datestamp><setSpec>documentos</setSpec></header><metadata><record  xmlns="http://www.loc.gov/MARC21/slim" xmlns:xsi="http://www.w3.org/2001/XMLSchema-instance" xsi:schemaLocation="http://www.loc.gov/MARC21/slim http://www.loc.gov/standards/marcxml/schema/MARC21slim.xsd" type="Bibliographic"><leader>00000nam a2200000   4500</leader><controlfield tag="001" >005197351</controlfield><controlfield tag="003" >5460</controlfield><controlfield tag="004" >A00000000</controlfield><datafield tag="245" ind1=" " ind2=" "><subfield code="a">Carta de Andrés Flores de la Parra, teniente en el gobierno político de la ciudad de Murcia, dirigida a los alcaldes ordinarios o justicias de la villa de Lezuza en cumplimiento de la Real Provisión que va inserta, sobre el repartimiento de 20.000 ducados para reparar las obras públicas dañadas por la crecida del río Segura.</subfield></datafield><datafield tag="300" ind1=" " ind2=" "><subfield code="a">5 páginas</subfield></datafield><datafield tag="351" ind1=" " ind2=" "><subfield code="a">Unidad documental simple</subfield><subfield code="c">Archivo de Murcia. Array</subfield><subfield code="a">Unidad documental simple</subfield><subfield code="c">Archivo de Murcia. Array</subfield></datafield><datafield tag="351" ind1=" " ind2=" "><subfield code="b">Nº 53</subfield></datafield><datafield tag="520" ind1=" " ind2=" "><subfield code="a">El concejo de la ciudad de Murcia había enviado al Consejo Real una relación en razón de los daños causados por la riada del 14-10-1651, el rey Felipe IV por Real Provisión, Madrid 26-04-1652, les concedió para reparo de las obras públicas un repartimiento de 20.000 ducados entre las ciudades, villas y lugares en los reinos de Castilla. Ahora en su cumplimiento, comunica a la villa de Lezuza que la cantidad que le corresponde pagar de dicho repartimiento es de 58.508 maravedís, que deben ser entregados al dicho Andrés Flores de la Parra.</subfield></datafield><datafield tag="535" ind1=" " ind2=" "><subfield code="a">Archivo Municipal de Murcia</subfield></datafield><datafield tag="583" ind1=" " ind2=" "><subfield code="u">http://www.regmurcia.com/servlet/s.Sl?METHOD=VERDOCUMENTO&amp;sit=serv,Carmesi&amp;n=/01/284/indice.djvu</subfield></datafield><datafield tag="592" ind1=" " ind2=" "><subfield code="a">1654-07-26</subfield></datafield><datafield tag="592" ind1=" " ind2=" "><subfield code="d">1654-12-31 00:00:00</subfield></datafield><datafield tag="786" ind1=" " ind2=" "><subfield code="o">http://www.regmurcia.com/servlet/s.Sl?METHOD=VERDOCUMENTO&amp;sit=serv,Carmesi&amp;n=/01/284/indice.djvu</subfield></datafield><datafield tag="856" ind1=" " ind2=" "><subfield code="u">http://www.regmurcia.com/servlet/s.Sl?METHOD=DETALLE&amp;sit=c,373,m,139,serv,Carmesi&amp;id=5460</subfield></datafield></record></metadata></record></GetRecord></OAI-PMH>
